| 000 | 00335nam a2200121Ia 4500 | ||
|---|---|---|---|
| 008 | 191014s9999 xx 000 0 und d | ||
| 082 |
_a404.5 _bKIE |
||
| 100 |
_aChen Kien Kwong _920327 |
||
| 245 | 0 | _aSummation of the Fourier Series of Orthogonal Functions | |
| 260 |
_aChina _bScience Press _c1954 |
||
| 300 | _aIv,174 | ||
| 942 | _cBK | ||
| 999 |
_c530899 _d530899 |
||